Statistics for agar.io veteran skin quiz

Click here to take the quiz!

General Stats

  • This quiz has been taken 213 times
  • The average score is 16 of 20

Answer Stats

HintAnswer% Correct
Level 5Fly
97%
Level 10Spider
95%
Level 100Kraken
88%
Level 15Wasp
86%
Level 20Lizard
82%
Level 95T-Rex
82%
Level 50Sumo
81%
Level 25Bat
80%
Level 35Fox
80%
Level 80Shark
80%
Level 45Hunter
79%
Level 55Bear
78%
Level 30Snake
78%
Level 70Lion
76%
Level 85Mammoth
75%
Level 90Raptor
75%
Level 65Panther
74%
Level 40Coyote
73%
Level 75Crocodile
72%
Level 60Cougar
71%

Score Distribution

Percentile by Number Answered

Percent of People with Each Score

Your Score History

You have not taken this quiz